000 00301nam a2200121Ia 4500
008 191201s2010 xx 000 0 und d
100 _aSHARMA, Lalit kumar
245 0 _aResearch Methodology MBA 2.33 DE SEM-3
260 _aN. Delhi
_bVikas Pub
_c2010
300 _a306
650 _aMBA
942 _2ddc
_cBK
999 _c249
_d249